Plays and fragments /

Bibliographic Details
Main Author: Menander, of Athens
Other Authors: Miller, Norma
Format: Book
Language:English
Published: London : New York : Penguin Books ; Viking Penguin, 1987.
Series:Penguin classics.

MARC

Tag First Indicator Second Indicator Subfields
LEADER 00000cam a2200000 a 4500
001 in00000026131
005 20151007055822.0
008 871204s1987 enk b 00010 eng d
020 |a 0140445013 
035 |a (OCoLC)17191657 
035 |9 AAB9353AM 
040 |a AZU  |c AZU  |d TXA  |d UtOrBLW 
041 1 |a eng  |h grc 
049 |a TXAM  |c [A11112053] 
050 4 |a PA4246  |b .E4 1987 
100 0 |a Menander,  |c of Athens. 
245 1 0 |a Plays and fragments /  |c Menander ; translated with an introduction by Norma Miller. 
264 1 |a London :  |b Penguin Books ;  |a New York :  |b Viking Penguin,  |c 1987. 
300 |a 265 pages ;  |c 20 cm. 
336 |a text  |b txt  |2 rdacontent 
337 |a unmediated  |b n  |2 rdamedia 
338 |a volume  |b nc  |2 rdacarrier 
490 1 |a Penguin classics 
504 |a Bibliography: page 18. 
700 1 |a Miller, Norma. 
830 0 |a Penguin classics. 
999 |a MARS 
999 f f |s f498b066-5ef7-3e23-bdd1-636d3562a04e  |i 24679ed0-6b00-3eb4-8c63-f52626119f20  |t 0 
952 f f |p ric  |a Texas A&M University  |b Rellis Campus  |c Joint Library Facility  |s JLF  |d Remote Storage  |t 0  |e PA4246 .E4 1987  |h Library of Congress classification  |i unmediated -- volume  |m A14811112053 
998 f f |a PA4246 .E4 1987  |t 0  |l Remote Storage